| 000 | 01294cam a22003737a 4500 | ||
|---|---|---|---|
| 003 | CHAP | ||
| 005 | 20220329133054.0 | ||
| 008 | 971013s1990 r 00010 d | ||
| 010 | _a1850 | ||
| 011 | _a2822 | ||
| 035 | _a2022 | ||
| 040 | _cCHAP | ||
| 090 | _aTesis | ||
| 100 | 0 | 0 |
_aAlvarez Gallegos, Manuel. _94912 |
| 245 | 0 | _aEvaluación de la erosión y su efecto sobre la productividad del suelo forestal de la región de El Salto, P. N., Dgo. | |
| 260 |
_aMontecillo, Méx. : _bEl Autor, _c1990 |
||
| 300 |
_a140 h. _b: ilus. ; gráfs. |
||
| 502 | _aTesis (M. C. Esp. en Edafología) -- C.P. Centro de Edafología | ||
| 590 |
_aALEPH _b10 _c20130110 _lUCH01 _h1210 |
||
| 590 |
_aBATCH-UPD _b10 _c20130110 _lUCH01 _h1337 |
||
| 590 |
_aBATCH-UPD _b10 _c20130410 _lUCH01 _h0840 |
||
| 590 |
_aBATCH-UPD _b10 _c20130914 _lUCH01 _h0705 |
||
| 590 |
_aCONVERSION _b10 _c20130109 _lUCH01 _h1302 |
||
| 650 | 1 | 4 |
_aBosques _xDurango. _914128 |
| 650 | 1 | 4 |
_aDesforestación. _932131 |
| 650 | 1 | 4 |
_aErosión _xPrevención y control. _937337 |
| 650 | 1 | 4 |
_aEscurrimiento. _937675 |
| 650 | 1 | 4 |
_aSuelos forestales. _9110548 |
| 650 | 1 | 4 |
_aSuelos _xDegradación. _9110336 |
| 901 | _aBK | ||
| 942 | _cFOLL | ||
| 949 |
_bBC _cTES _d-11517 _eTS1 _h23740 _i2022 _si |
||
| 949 |
_bBC _cTES _d-60491 _eTS2 _fc.2 _h23741 _i2022 _si |
||
| 999 |
_c1850 _d1850 |
||